Loading...
Arthathinte athirthikal
| Hovedforfatter: | |
|---|---|
| Format: | Printed Book |
| Udgivet: |
1982
|
| LEADER | 003420000a22001090004500 | ||
|---|---|---|---|
| 040 | |a MAL | ||
| 082 | |a A8 RAG/A M2 | ||
| 100 | |a Raghavan Pillai, K | ||
| 245 | |a Arthathinte athirthikal | ||
| 260 | |c 1982 | ||
| 999 | |c 27581 |d 27581 | ||
| 952 | |0 0 |1 0 |4 0 |6 A_000000000000000_8_RAGA_M2 |7 0 |8 MAL |9 27419 |a MGUL |b MGUL |d 2013-07-16 |l 0 |o A8 RAG/A M2 |p 09079 |r 2013-07-16 |w 2013-07-16 |y BK | ||